| 000 | 01031nam0a22002771 4500 | ||
|---|---|---|---|
| 001 | v19\rc\1839288 | ||
| 005 | 20250619145954.0 | ||
| 035 | _a(NLR Aleph) 004940678 | ||
| 090 |
_a5777816 _c5777816 |
||
| 100 | _a20071224g19071908|||y0rusy50 ca | ||
| 101 | 0 | _arus | |
| 102 | _aRU | ||
| 105 | _ay z |||a| | ||
| 200 | 1 |
_aПесни и куплеты Шлемки _eСб. новейших евр., юмор. и сатир. куплетов, рассказов, сцен и романсов лучших авт.: Вейнберга, Леонидова, Дмитриева, Фишкинда, Давидова, Доброва и др. _fСобр. и сост. Д. Второй |
|
| 205 | _a[5-е изд.] | ||
| 210 |
_aКиев _cТ.А. Губанов _d1908 (обл. 1907) |
||
| 215 |
_a24 с. _d23 |
||
| 702 | 0 |
_aД. Второй _4220 |
|
| 790 | 0 | _aДе-II | |
| 790 | 0 | _aD. S. | |
| 801 | 0 |
_aRU _bNLR _gpsbo |
|
| 801 | 0 |
_aRU _bRuMoRGB _2psbo |
|
| 801 | 1 |
_aRU _bProSoft-M _2rusmarc |
|
| 852 |
_aNLR _j34.84.4.780 |
||
| 942 | _cBOOK | ||
| 980 | _aNB | ||